000 01074cam a22003257a 4500
003 CHAP
005 20220329134452.0
008 971013s1955 r 00010 d
010 _a20829
011 _a21801
035 _a25892
040 _cCHAP
090 _aTesis
100 0 0 _aArosemena Dutari, Mario.
_97339
245 1 3 _aEl cultivo de la caña de azúcar en la zona de Córdoba, estado de Veracruz
260 _aMéxico, D.F. :
_bEl autor,
_c1955
300 _a63 p.
_b: ilus
502 _aTesis (Ing. Agr. Esp. en Fitotecnia) -- ENA. Departamento de Fitotecnia
590 _aALEPH
_b10
_c20130110
_lUCH01
_h1244
590 _aBATCH-UPD
_b10
_c20130110
_lUCH01
_h2057
590 _aBATCH-UPD
_b10
_c20130410
_lUCH01
_h1409
590 _aBATCH-UPD
_b10
_c20130914
_lUCH01
_h0609
590 _aCONVERSION
_b10
_c20130109
_lUCH01
_h1312
650 1 4 _aCaña de azúcar
_zVeracruz.
_918672
901 _aBK
942 _cFOLL
949 _bBC
_cTES
_d-59892
_eTS1
_i25892
_si
949 _bBC
_cTES
_d-59893
_eTS2
_fc.2
_i25892
_si
949 _bBC
_cTES
_d-59894
_eTS2
_fc.3
_i25892
_si
999 _c20829
_d20829